Missa de Sancta Anna & Lamentatione Jeremiae /

Bibliographic Details
Main Author: La Rue, Pierre de, -1518
Corporate Author: Schola Discantus (Musical group) (Performer)
Other Authors: Moll, Kevin N. (Conductor)
Format: CD Audio
Language:Latin
Published: New York : Lyrichord Discs, 1996.
Series:Lyrichord early music series.
Subjects:

MARC

Tag First Indicator Second Indicator Subfields
LEADER 00000cjm a2200000Ia 4500
001 in00001692829
005 20151024134540.0
007 sd fungnn---ed
008 960612p19961995nyumun dfhi lat d
024 1 |a 744457802120 
028 0 2 |a LEMS 8021  |b Lyrichord 
033 2 |a 19950530  |a 19950603  |b 3764  |c C3 
035 |a (OCoLC)ocm35889603 
040 |a HLS  |c HLS  |d SNN  |d TXA  |d UtOrBLW 
041 0 |d lat  |e lat  |g eng  |g fre  |g ger 
047 |a ms  |a pt 
049 |a TXAM 
090 |a M2011.L27  |b S35 1996 
100 1 |a La Rue, Pierre de,  |d -1518. 
240 1 0 |a Missa de Sancta Anna 
245 1 0 |a Missa de Sancta Anna & Lamentatione Jeremiae /  |c Pierre de la Rue. 
246 3 |a Missa de Sancta Anna and Lamentatione Jeremiae 
264 1 |a New York :  |b Lyrichord Discs,  |c 1996. 
300 |a 1 sound disc (65 min., 30 sec.) :  |b digital ;  |c 4 3/4 in. 
306 |a 003151  |a 003354 
336 |a performed music  |b prm  |2 rdacontent 
337 |a audio  |b s  |2 rdamedia 
338 |a audio disc  |b sd  |2 rdacarrier 
490 1 |a Lyrichord early music series 
500 |a Compact disc. 
511 0 |a Schola Discantus ; Kevin Moll, director. 
518 |a Recorded May 30-June 3, 1995 at Memorial Hall, Memorial Church, Harvard University, in Cambridge, Mass. 
500 |a Program notes by Kevin Moll in English and German, with French translation, and Latin texts (6 pages) inserted in container. 
500 |a Durations: 31:51; 33:54. 
500 |a Sound recording. 
650 0 |a Masses, Unaccompanied. 
650 0 |a Choruses, Sacred (Mixed voices), Unaccompanied. 
650 0 |a Lamentations of Jeremiah (Music) 
650 0 |a Part songs, Sacred. 
650 0 |a Holy Week music. 
700 1 |a Moll, Kevin N.,  |e conductor. 
700 1 |a La Rue, Pierre de,  |d -1518.  |t Lamentationes Hieremiae prophetae. 
710 2 |a Schola Discantus (Musical group),  |e performer. 
740 0 2 |a Lamentatione Jeremiae. 
830 0 |a Lyrichord early music series. 
994 |a E0  |b TXA 
948 |a cataloged  |b h  |c 2002/6/24  |d c  |e fpiscitelli  |f 6:26:09 pm 
999 |a MARS 
999 f f |s c47c50dc-de7e-3754-a3e5-c32fd1db8703  |i 0811e719-875a-3c8d-9d98-eae6f67d3b26  |t 0 
952 f f |p ric  |a Texas A&M University  |b Rellis Campus  |c Joint Library Facility  |d Remote Storage  |t 0  |e M2011.L27 S35 1996  |h Library of Congress classification  |i audio -- audio disc  |m A14829194441 
998 f f |a M2011.L27 S35 1996  |t 0  |l Remote Storage